Statistiche per Paesi che iniziano con la U

Clicka qui per fare il quiz!

Statistiche generali

  • Questo quiz è stato fatto 2.404 volte
  • Il punteggio medio è 4 su 5

Statistiche sulle risposte

Paese% Corretto
Uganda
90%
Uzbekistan
89%
Ungheria
83%
Uruguay
79%
Ucraina
67%

Distribuzione punteggi

Percentile per numero di risposta

Percentuale di utenti per punteggio

I tuoi punteggi nel tempo

Non hai fatto questo quiz